Biochemistry and molecular biology (Record no. 394095)

MARC details
000 -LEADER
fixed length control field 00498 a2200193 4500
005 - DATE & TIME
control field 20260110101729.0
008 - FIXED-LENGTH DATA ELEMENTS--GENERAL INFORMATION
fixed length control field 260109b |||||||| |||| 00| 0 eng d
020 ## - ISBN
International Standard Book Number 9781914187100
Price £ 135.00
040 ## - CATALOGING SOURCE
Original cataloging agency VIVEKANANDA LIBRARY
082 ## - DDC NUMBER
Classification number 572
Book Number C812B
100 ## - MAIN ENTRY--PERSONAL NAME
Personal name Corey, Harold
245 ## - TITLE STATEMENT
Title Biochemistry and molecular biology
260 ## - PUBLICATION, DISTRIBUTION, ETC. (IMPRINT)
Name of publisher, distributor, etc Random Publishing
Date of publication, distribution, etc 2022
Place of publication, distribution, etc Middlesex
300 ## - PHYSICAL DESCRIPTION
Pages viii, 256
650 ## - Subject
Subject Biochemistry
650 ## - Subject
Subject Molecular Biology
650 ## - Subject
Subject Life Science
942 ## - ADDED ENTRY ELEMENTS (KOHA)
Koha item type Books
Holdings
Withdrawn status Lost status Source of classification or shelving scheme Damaged status Not for loan Location (home branch) Sublocation or collection (holding branch) Shelving location Date acquired Koha issues (times borrowed) Koha full call number Accession No. Koha date last seen Koha item type
    Dewey Decimal Classification     VIVEKANANDA LIBRARY VIVEKANANDA LIBRARY Vivekananda Library 15/12/2025   572 C812B 443665 15/12/2025 Books
© Designed and Maintained by Vivekananda Library, MDU Rohtak